<?xml version="1.0" encoding="UTF-8"?><record xmlns="http://www.loc.gov/MARC21/slim" xmlns:zs="http://docs.oasis-open.org/ns/search-ws/sruResponse">
  <leader>02825nkm a22004333i 4500</leader>
  <controlfield tag="001">22137712</controlfield>
  <controlfield tag="005">20250607110333.4</controlfield>
  <controlfield tag="007">cr |||||||||||</controlfield>
  <controlfield tag="008">210708s1858    xx nnn       |o   ineng  </controlfield>
  <datafield ind1=" " ind2=" " tag="035">
    <subfield code="a">22137712</subfield>
  </datafield>
  <datafield ind1=" " ind2=" " tag="906">
    <subfield code="a">0</subfield>
    <subfield code="b">ibc</subfield>
    <subfield code="c">orignew</subfield>
    <subfield code="d">u</subfield>
    <subfield code="e">ncip</subfield>
    <subfield code="f">20</subfield>
    <subfield code="g">y-gencatlg</subfield>
  </datafield>
  <datafield ind1=" " ind2=" " tag="955">
    <subfield code="a">LCAP batch update 2025-06-02-04:00: LCAPM-999</subfield>
  </datafield>
  <datafield ind1=" " ind2=" " tag="010">
    <subfield code="a">  2021670442</subfield>
  </datafield>
  <datafield ind1=" " ind2=" " tag="035">
    <subfield code="a">(WDL)09519</subfield>
  </datafield>
  <datafield ind1=" " ind2=" " tag="040">
    <subfield code="a">DLC</subfield>
    <subfield code="b">eng</subfield>
    <subfield code="c">DLC</subfield>
  </datafield>
  <datafield ind1=" " ind2=" " tag="041">
    <subfield code="a">eng</subfield>
  </datafield>
  <datafield ind1=" " ind2=" " tag="080">
    <subfield code="a">365</subfield>
  </datafield>
  <datafield ind1=" " ind2=" " tag="080">
    <subfield code="a">728</subfield>
  </datafield>
  <datafield ind1="0" ind2="0" tag="245">
    <subfield code="a">View of the Department for Colored Children of the House of Refuge.</subfield>
  </datafield>
  <datafield ind1="3" ind2="1" tag="246">
    <subfield code="a">View of the department for colored children of the House of Refuge</subfield>
  </datafield>
  <datafield ind1=" " ind2=" " tag="260">
    <subfield code="a">Philadelphia :</subfield>
    <subfield code="b">P.S. Duval &amp; Son Lithography,</subfield>
    <subfield code="c">1858.</subfield>
  </datafield>
  <datafield ind1=" " ind2=" " tag="300">
    <subfield code="a">1 online resource.</subfield>
  </datafield>
  <datafield ind1=" " ind2=" " tag="336">
    <subfield code="a">still image</subfield>
    <subfield code="b">sti</subfield>
    <subfield code="2">rdacontent</subfield>
  </datafield>
  <datafield ind1=" " ind2=" " tag="337">
    <subfield code="a">computer</subfield>
    <subfield code="b">c</subfield>
    <subfield code="2">rdamedia</subfield>
  </datafield>
  <datafield ind1=" " ind2=" " tag="338">
    <subfield code="a">online resource</subfield>
    <subfield code="b">cr</subfield>
    <subfield code="2">rdacarrier</subfield>
  </datafield>
  <datafield ind1=" " ind2=" " tag="500">
    <subfield code="a">Title devised, in English, by Library staff.</subfield>
  </datafield>
  <datafield ind1=" " ind2=" " tag="500">
    <subfield code="a">"Digital catalog number: POS 792"--Note extracted from World Digital Library.</subfield>
  </datafield>
  <datafield ind1=" " ind2=" " tag="500">
    <subfield code="a">Original resource extent: 1 print : lithograph on silk ; image 12 x 21 centimeters, on sheet 30 x 24 centimeters.</subfield>
  </datafield>
  <datafield ind1=" " ind2=" " tag="520">
    <subfield code="a">This print depicts the buildings of the Department for Colored Children of the House of Refuge in Philadelphia, including the girls' dormitories, the girls' dining and sewing rooms, the supervisors' rooms and the main entrance, the boys' dormitories, and the boys' school rooms. A tall brick wall surrounds the rear and sides of the complex of buildings and two men and a boy are seen talking in the foreground. The lithograph is also used as one of a pair of illustrations printed on textile in 1858, as well as the frontispiece to the Thirtieth Annual Report of the Board of Managers of the House of Refuge, the other being "View of the Department for White Children of the House of Refuge." Founded in 1828, the House of Refuge was the first institution in Pennsylvania charged with reforming and educating juveniles accused of delinquency and providing an alternative to prison. These buildings, located between Parrish and Brown Streets between 22nd and 24th Streets, opened in 1850.</subfield>
  </datafield>
  <datafield ind1="1" ind2=" " tag="535">
    <subfield code="3">Original resource at:</subfield>
    <subfield code="a">The Library Company of Philadelphia.</subfield>
  </datafield>
  <datafield ind1=" " ind2=" " tag="546">
    <subfield code="a">Content in English.</subfield>
  </datafield>
  <datafield ind1="0" ind2=" " tag="588">
    <subfield code="a">Description based on data extracted from World Digital Library, which may be extracted from partner institutions.</subfield>
  </datafield>
  <datafield ind1=" " ind2="0" tag="653">
    <subfield code="a">1858</subfield>
  </datafield>
  <datafield ind1=" " ind2="0" tag="653">
    <subfield code="a">African Americans</subfield>
    <subfield code="a">Children</subfield>
    <subfield code="a">Correctional institutions</subfield>
    <subfield code="a">House of Refuge (Philadelphia, Pennsylvania)</subfield>
    <subfield code="a">Juvenile detention homes</subfield>
    <subfield code="a">Lithographs</subfield>
  </datafield>
  <datafield ind1=" " ind2=" " tag="752">
    <subfield code="a">United States of America</subfield>
    <subfield code="b">Pennsylvania</subfield>
    <subfield code="d">Philadelphia</subfield>
  </datafield>
  <datafield ind1="0" ind2=" " tag="773">
    <subfield code="t">Philadelphia on Stone</subfield>
  </datafield>
  <datafield ind1="4" ind2="0" tag="856">
    <subfield code="d">gdcwdl</subfield>
    <subfield code="f">wdl_09519</subfield>
    <subfield code="u">https://hdl.loc.gov/loc.wdl/wdl.9519</subfield>
  </datafield>
  <datafield ind1=" " ind2=" " tag="985">
    <subfield code="a">wdl/wdlpartner/wdllcphilly</subfield>
  </datafield>
  <datafield ind1=" " ind2=" " tag="991">
    <subfield code="b">s-Online</subfield>
    <subfield code="h">Electronic Resource</subfield>
  </datafield>
</record>
